Personnages des 101 Dalmatiens en images - Disney - Statistiques

Statistiques générales
  • Ce quiz a été pris 25 fois
  • Le résultat moyen est 8 sur 20
Statistiques - réponses
Par images Réponse % Correct
Cruella d'Enfer
100%
Pongo
91%
Perdita
87%
Roger Radcliffe
70%
Anita Radcliffe
61%
Horace
61%
Jasper
57%
Lucky
52%
Patch
52%
Nanny
48%
Colonel
30%
Rolly
30%
Le Grand Danois
17%
Sergent Tibs
17%
Le Labrador
13%
Capitaine
4%
Collie
4%
Grognard
4%
Lucy
0%
Scottie
0%
Aucun quiz correspondant
Distribution des résultats
% des personnes avec chaque résultat
Percentile par nombre de réponses
Votre historique - résultats
Vous n’avez pas pris ce quiz